[Event "Tradewise Gibraltar Masters 14th"]
[Site "Gibraltar"]
[Date "2016.01.31"]
[Round "6.76"]
[White "Spence, David J"]
[Black "Arakhamia-Grant, Ketevan"]
[Result "1-0"]
[WhiteElo "2140"]
[BlackElo "2346"]
[PlyCount "121"]
[EventDate "2016.01.26"]
[EventType "swiss"]
[EventRounds "10"]
[EventCountry "GGB"]
[Source "www.saund.co.uk"]
[SourceDate "2005.02.07"]

1. e4 d6 2. d4 Nf6 3. Nc3 e5 4. Nf3 Nbd7 5. Bc4 Be7 6. a4 O-O 7. h3 c6 8. O-O
b6 9. Qe2 a6 10. Rd1 Qc7 11. Ba2 Bb7 12. dxe5 Nxe5 13. Nd4 b5 14. axb5 axb5 15.
b4 Rfe8 16. Nf5 Bf8 17. Bg5 Nfd7 18. Qd2 Nb6 19. Nxd6 Bxd6 20. Qxd6 Qxd6 21.
Rxd6 Na4 22. Bd2 Nb2 23. Be1 Nec4 24. Rd7 Bc8 25. Rc7 Be6 26. Rxc6 Ne5 27. Rc5
Bc4 28. Rb1 Bxa2 29. Rxb2 Bc4 30. Rb1 Nd7 31. Rc7 Nb6 32. f3 h6 33. Rd1 Na4 34.
Nd5 Nb2 35. Rb1 Bxd5 36. exd5 Nc4 37. Bg3 Red8 38. Rc5 Ra2 39. d6 Rxc2 40. Rxb5
Nxd6 41. Rd5 Nb7 42. Rxd8+ Nxd8 43. b5 Kf8 44. b6 Nb7 45. Ra1 Rb2 46. Bf2 Ke8
47. Ra7 Nd6 48. Rc7 Kd8 49. Bc5 Rd2 50. Bxd6 Rxd6 51. Rxf7 Rxb6 52. Rxg7 Ke8
53. Kh2 Kf8 54. Rc7 Kg8 55. g4 Rb3 56. Kg3 Ra3 57. h4 Ra4 58. g5 hxg5 59. hxg5
Kf8 60. f4 Kg8 61. Kg4 1-0

[Event "Tradewise Gibraltar Masters 14th"]
[Site "Gibraltar"]
[Date "2016.01.31"]
[Round "6.77"]
[White "Tate, Alan"]
[Black "Hill, Alistair"]
[Result "0-1"]
[WhiteElo "2345"]
[BlackElo "2167"]
[PlyCount "164"]
[EventDate "2016.01.26"]
[EventType "swiss"]
[EventRounds "10"]
[EventCountry "GGB"]
[Source "www.saund.co.uk"]
[SourceDate "2005.02.07"]

1. Nf3 c5 2. c4 Nf6 3. Nc3 d5 4. cxd5 Nxd5 5. e4 Nb4 6. Bb5+ N8c6 7. d4 cxd4 8.
a3 dxc3 9. Qxd8+ Kxd8 10. axb4 cxb2 11. Bxb2 f6 12. e5 Bd7 13. Ba4 Ke8 14. b5
Nxe5 15. Nxe5 fxe5 16. O-O e6 17. Bxe5 Rc8 18. Rfd1 Bc5 19. Bxg7 Rg8 20. Bh6
Rg4 21. Rd2 Rd4 22. Rc2 Rb4 23. Bd2 Rxa4 24. Rxa4 Bxf2+ 25. Kxf2 Rxc2 26. Ke3
Bxb5 27. Rxa7 Bc6 28. Ra8+ Kf7 29. Kd3 Rc5 30. g4 e5 31. h4 Rd5+ 32. Ke3 Rd4
33. Ra5 Rxg4 34. Rxe5 Rxh4 35. Bc3 Rh3+ 36. Kd4 h5 37. Ba5 Rh1 38. Bc7 h4 39.
Rh5 Kg6 40. Rh8 Rd1+ 41. Ke5 Rd5+ 42. Ke6 Rh5 43. Rg8+ Kh7 44. Rf8 h3 45. Rf2
Rg5 46. Be5 Kg6 47. Rf6+ Kh5 48. Rf8 Be4 49. Bf4 Rg6+ 50. Ke5 Bc6 51. Kf5 Bd7+
52. Ke4 Kg4 53. Be5 Bc6+ 54. Kd4 Rg5 55. Rf4+ Kh5 56. Rf8 Rg4+ 57. Kd3 Bg2 58.
Bd6 Rh4 59. Ke3 Kg6 60. Bh2 Re4+ 61. Kd3 Re7 62. Kd4 Rf7 63. Rb8 Kf5 64. Re8
Rd7+ 65. Ke3 Kf6 66. Be5+ Kf7 67. Rh8 Ke6 68. Bh2 Rd1 69. Rh6+ Kd7 70. Be5 Re1+
71. Kf4 Re4+ 72. Kf5 b5 73. Bh2 Re2 74. Bf4 Rf2 75. Ke5 b4 76. Bg3 Re2+ 77. Kd4
b3 78. Rd6+ Ke7 79. Rb6 b2 80. Kd3 Bf1 81. Bd6+ Kd7 82. Kc3 Re6 0-1

[Event "Tradewise Gibraltar Masters 14th"]
[Site "Gibraltar"]
[Date "2016.01.31"]
[Round "6.78"]
[White "Gara, Anita"]
[Black "Blodig, Reinhard"]
[Result "1-0"]
[WhiteElo "2339"]
[BlackElo "2158"]
[PlyCount "61"]
[EventDate "2016.01.26"]
[EventType "swiss"]
[EventRounds "10"]
[EventCountry "GGB"]
[Source "www.saund.co.uk"]
[SourceDate "2005.02.07"]

1. e4 d6 2. d4 g6 3. Nc3 Bg7 4. Nf3 Nf6 5. Be2 O-O 6. O-O c6 7. a4 a5 8. h3 Qc7
9. Be3 Na6 10. Qd2 e5 11. dxe5 dxe5 12. Bc4 Nh5 13. Rfe1 Nf4 14. Bxf4 exf4 15.
e5 Nb4 16. Rac1 Be6 17. Qxf4 Rae8 18. Bxe6 Rxe6 19. Re2 Rd8 20. Ne4 h6 21. Rce1
b5 22. Qh4 Nd5 23. axb5 g5 24. Qg4 Nf4 25. Re3 cxb5 26. h4 Nd5 27. Rd3 Qxc2 28.
Red1 Bxe5 29. hxg5 Kh8 30. Nxe5 Rxe5 31. Qh4 1-0

[Event "Tradewise Gibraltar Masters 14th"]
[Site "Gibraltar"]
[Date "2016.01.31"]
[Round "6.79"]
[White "Mannion, Stephen R"]
[Black "Dougherty, Michael"]
[Result "1/2-1/2"]
[WhiteElo "2334"]
[BlackElo "2149"]
[PlyCount "183"]
[EventDate "2016.01.26"]
[EventType "swiss"]
[EventRounds "10"]
[EventCountry "GGB"]
[Source "www.saund.co.uk"]
[SourceDate "2005.02.07"]

1. e4 c5 2. Nf3 Nc6 3. d4 cxd4 4. Nxd4 g6 5. c4 Bg7 6. Be3 Nf6 7. Nc3 d6 8. Be2
O-O 9. O-O Bd7 10. Qd2 Nxd4 11. Bxd4 Bc6 12. f3 Nd7 13. Be3 a5 14. b3 f5 15.
exf5 gxf5 16. Rad1 f4 17. Bf2 Ne5 18. Nd5 Ng6 19. Bb6 Qc8 20. Bd3 Bxd5 21. cxd5
Qc3 22. Qf2 a4 23. Bc4 axb3 24. axb3 Qb4 25. Rfe1 Rf5 26. Bd3 Re5 27. Be4 Qxb3
28. Rb1 Qa2 29. Re2 Qc4 30. Rc2 Qa4 31. Qe2 Rg5 32. Qd3 Qa3 33. Qxa3 Rxa3 34.
Bf2 b5 35. h3 Ra5 36. Kh2 Kf7 37. Bb6 Ra1 38. Rxb5 Nh4 39. Rd2 Bc3 40. Re2 Be1
41. Rb1 Bg3+ 42. Kh1 Ra3 43. Bd4 Nf5 44. Bg1 Ne3 45. Bxh7 Rxd5 46. Be4 Rg5 47.
Rd2 Rga5 48. Bd3 Kf6 49. Be2 Ra1 50. Bd3 Rxb1 51. Bxb1 Rc5 52. Ba2 Rc1 53. Bb3
Bh2 54. Kxh2 Nf1+ 55. Kh1 Nxd2 56. Ba4 e5 57. h4 Nf1 58. Bb3 Kg6 59. g4 fxg3
60. Kg2 Nd2 61. Bd5 Kh5 62. Bb6 Nf1 63. Bf7+ Kh6 64. h5 Kg7 65. Bd5 Rb1 66. Ba7
Rd1 67. Bc6 Nd2 68. Kxg3 Rc1 69. Bd5 Nc4 70. Kh4 Ra1 71. Bf2 Ra2 72. Bg3 Rd2
73. Be4 Kh6 74. Bg6 Ne3 75. Kh3 Ng2 76. Kg4 Rd4+ 77. Kf5 Kg7 78. Kg5 Nf4 79.
h6+ Kh8 80. Bf5 Ne2 81. Bf2 Rf4 82. Bg4 Nd4 83. Bxd4 Rxd4 84. Bf5 d5 85. Be6 e4
86. Kf4 exf3+ 87. Kxf3 Kh7 88. Bf5+ Kxh6 89. Ke3 Rb4 90. Kd3 Kg5 91. Be6 d4 92.
Bc4 1/2-1/2

[Event "Tradewise Gibraltar Masters 14th"]
[Site "Gibraltar"]
[Date "2016.01.31"]
[Round "6.80"]
[White "Kharous, Ernest"]
[Black "Lobersli, Henrik Oie"]
[Result "1/2-1/2"]
[WhiteElo "2314"]
[BlackElo "2146"]
[PlyCount "88"]
[EventDate "2016.01.26"]
[EventType "swiss"]
[EventRounds "10"]
[EventCountry "GGB"]
[Source "www.saund.co.uk"]
[SourceDate "2005.02.07"]

1. e4 e5 2. Nf3 Nc6 3. Bb5 a6 4. Ba4 Nf6 5. d3 b5 6. Bb3 Be7 7. O-O O-O 8. Re1
Bb7 9. Nc3 d6 10. a3 Qd7 11. h3 h6 12. Ne2 Rfe8 13. Ng3 Bf8 14. c3 d5 15. Qc2
dxe4 16. dxe4 Na5 17. Ba2 c5 18. Be3 c4 19. Bb6 Nc6 20. Rad1 Qc8 21. b3 Nd7 22.
Be3 Na5 23. bxc4 Nxc4 24. Bxc4 bxc4 25. Nf5 Qc6 26. Nd2 Rac8 27. f3 Red8 28. a4
Nb6 29. Rb1 Na8 30. Nxc4 Qxc4 31. Rxb7 Qxc3 32. Qxc3 Rxc3 33. Kf2 Nc7 34. Rc1
Rxc1 35. Bxc1 Ne6 36. Be3 Bc5 37. Ne7+ Kh7 38. Nd5 Kg6 39. Bxc5 Nxc5 40. Rb6+
f6 41. a5 Ra8 42. Ke2 Ra7 43. Kd2 Kg5 44. g3 Nb7 1/2-1/2

[Event "Tradewise Gibraltar Masters 14th"]
[Site "Gibraltar"]
[Date "2016.01.31"]
[Round "6.81"]
[White "Veltkamp, Gerben"]
[Black "Ripari, Marcelo"]
[Result "1/2-1/2"]
[WhiteElo "2135"]
[BlackElo "2310"]
[PlyCount "61"]
[EventDate "2016.01.26"]
[EventType "swiss"]
[EventRounds "10"]
[EventCountry "GGB"]
[Source "www.saund.co.uk"]
[SourceDate "2005.02.07"]

1. e4 c5 2. c3 e6 3. Nf3 d5 4. exd5 exd5 5. d4 Nf6 6. Bb5+ Bd7 7. Bxd7+ Nbxd7
8. O-O Be7 9. Bf4 O-O 10. Nbd2 Re8 11. Re1 Qb6 12. Rb1 cxd4 13. Nxd4 Nc5 14.
Re3 Nce4 15. N2b3 g6 16. Qe2 Bf8 17. h3 Bd6 18. Qf3 Kg7 19. Rbe1 a6 20. g4 Bxf4
21. Qxf4 Qd6 22. Qxd6 Nxd6 23. Nc5 Nfe4 24. Nxe4 dxe4 25. f3 exf3 26. Rxe8 Rxe8
27. Rxe8 Nxe8 28. Kf2 Kf6 29. Nxf3 Nd6 30. Ke2 Ne4 31. Ke3 1/2-1/2

[Event "Tradewise Gibraltar Masters 14th"]
[Site "Gibraltar"]
[Date "2016.01.31"]
[Round "6.82"]
[White "Bach, Matthias"]
[Black "Seyfried, Claus"]
[Result "1-0"]
[WhiteElo "2301"]
[BlackElo "2137"]
[PlyCount "93"]
[EventDate "2016.01.26"]
[EventType "swiss"]
[EventRounds "10"]
[EventCountry "GGB"]
[Source "www.saund.co.uk"]
[SourceDate "2005.02.07"]

1. d4 d5 2. c4 e6 3. Nc3 c6 4. Nf3 dxc4 5. a4 Bb4 6. Bd2 a5 7. e4 Bxc3 8. Bxc3
b5 9. d5 Nf6 10. dxc6 Qxd1+ 11. Rxd1 Nxc6 12. axb5 Nb4 13. e5 Nfd5 14. Bxc4 Bb7
15. O-O O-O 16. Ra1 Rfc8 17. Nd2 Nf4 18. Bxb4 axb4 19. f3 Kf8 20. Rxa8 Bxa8 21.
Ra1 g5 22. g3 Ng6 23. Kf2 Nxe5 24. b3 Bd5 25. Ke3 Ra8 26. Ra6 Bb7 27. Rxa8+
Bxa8 28. Bd3 f5 29. Kd4 Nxf3+ 30. Nxf3 Bxf3 31. Ke5 Bd5 32. b6 Ke7 33. Bxf5 Kd7
34. Bxe6+ Bxe6 35. b7 Kc7 36. Kxe6 Kxb7 37. g4 Kc6 38. Ke5 Kc5 39. h3 h6 40.
Ke4 Kc6 41. Kd4 Kd6 42. Kc4 Ke5 43. Kxb4 Kf4 44. Kc3 Kg3 45. b4 Kxh3 46. b5
Kxg4 47. b6 1-0

[Event "Tradewise Gibraltar Masters 14th"]
[Site "Gibraltar"]
[Date "2016.01.31"]
[Round "6.83"]
[White "Boado Rodriguez, Martin"]
[Black "Plotkin, Victor"]
[Result "0-1"]
[WhiteElo "2121"]
[BlackElo "2291"]
[PlyCount "114"]
[EventDate "2016.01.26"]
[EventType "swiss"]
[EventRounds "10"]
[EventCountry "GGB"]
[Source "www.saund.co.uk"]
[SourceDate "2005.02.07"]

1. d3 d5 2. g3 e5 3. Bg2 Nf6 4. Nd2 c6 5. e4 Bc5 6. Ngf3 O-O 7. O-O dxe4 8.
dxe4 Re8 9. h3 Nbd7 10. b3 Nf8 11. Bb2 Ng6 12. Re1 Qc7 13. a4 Be6 14. Bc3 Rad8
15. b4 Bf8 16. Qc1 Bc8 17. Nc4 Nd7 18. Qb2 f6 19. a5 Nb8 20. Ne3 Be6 21. h4 Qf7
22. Bf1 Ne7 23. Bxe5 Qg6 24. Bxb8 Rxb8 25. e5 Nd5 26. exf6 Qxf6 27. Qxf6 gxf6
28. Nd4 Bxb4 29. Nxd5 Bxd5 30. Reb1 Bc3 31. Ra4 Re4 32. Rd1 Rbe8 33. Bg2 Re1+
34. Rxe1 Rxe1+ 35. Kh2 Bxg2 36. Kxg2 Re4 37. Rc4 Bxa5 38. f3 Re5 39. g4 Bb6 40.
Nf5 Rc5 41. Re4 Rxc2+ 42. Kh3 Bc5 43. Re8+ Kf7 44. Rh8 Ke6 45. Rxh7 b5 46. h5
Rd2 47. h6 Rd8 48. Rc7 b4 49. h7 Rh8 50. Rxc6+ Kd5 51. Rc7 b3 52. Ng3 b2 53.
Rb7 Rxh7+ 54. Rxh7 b1=Q 55. Rh5+ Kc6 56. Ne4 Qf1+ 57. Kh2 Bd6+ 0-1

[Event "Tradewise Gibraltar Masters 14th"]
[Site "Gibraltar"]
[Date "2016.01.31"]
[Round "6.84"]
[White "Burrows, Martin P"]
[Black "Pratyusha, Bodda"]
[Result "1/2-1/2"]
[WhiteElo "2115"]
[BlackElo "2278"]
[PlyCount "164"]
[EventDate "2016.01.26"]
[EventType "swiss"]
[EventRounds "10"]
[EventCountry "GGB"]
[Source "www.saund.co.uk"]
[SourceDate "2005.02.07"]

1. e4 c5 2. Nf3 e6 3. d4 cxd4 4. Nxd4 Nc6 5. Nb5 d6 6. c4 Nf6 7. N1c3 a6 8. Na3
Be7 9. Be2 O-O 10. O-O b6 11. Be3 Bb7 12. Qb3 Ne5 13. Bxb6 Qc8 14. f3 Ned7 15.
Be3 Re8 16. Nab1 Bd8 17. Kh1 Bc7 18. Bg1 Nf8 19. Re1 Bc6 20. Nd2 Rb8 21. Qc2
Qb7 22. Nb3 Ng6 23. Rab1 Ne5 24. Nd4 d5 25. exd5 exd5 26. c5 Nc4 27. Bxc4 dxc4
28. Nxc6 Qxc6 29. Bd4 Nh5 30. Qa4 Qxa4 31. Nxa4 Nf4 32. Nb6 Ne2 33. Bf2 c3 34.
bxc3 Nxc3 35. Rxe8+ Rxe8 36. Re1 Rd8 37. Kg1 f6 38. a3 Kf7 39. Bg3 Bxg3 40.
hxg3 Nb5 41. a4 Nc7 42. Kf2 Rd3 43. Nc8 Rd2+ 44. Re2 Rxe2+ 45. Kxe2 Ne6 46. c6
Nd4+ 47. Kd3 Nxc6 48. Kc4 Ke6 49. Kc5 Kd7 50. Kb6 h5 51. Kc5 Ne5 52. Nb6+ Ke6
53. Nd5 g5 54. Nc7+ Kf5 55. Nxa6 h4 56. gxh4 gxh4 57. Nb4 Kf4 58. a5 Kg3 59. a6
Kxg2 60. a7 h3 61. a8=Q h2 62. Qa2+ Kg1 63. Qb1+ Kg2 64. Qc2+ Kg1 65. Qd1+ Kg2
66. Qe2+ Kg1 67. f4 h1=Q 68. fxe5 fxe5 69. Nd3 Qg2 70. Qe3+ Kh2 71. Ne1 Qg3 72.
Qe2+ Kh3 73. Nf3 e4 74. Qxe4 Qf2+ 75. Kd5 Qa2+ 76. Ke5 Qa1+ 77. Kf5 Qa5+ 78.
Ne5 Qc5 79. Qf3+ Kh2 80. Ke4 Qb4+ 81. Ke3 Qc5+ 82. Ke4 Qb4+ 1/2-1/2

[Event "Tradewise Gibraltar Masters 14th"]
[Site "Gibraltar"]
[Date "2016.01.31"]
[Round "6.85"]
[White "Watson, John L"]
[Black "Dolzhikova, Olga"]
[Result "0-1"]
[WhiteElo "2277"]
[BlackElo "2126"]
[PlyCount "72"]
[EventDate "2016.01.26"]
[EventType "swiss"]
[EventRounds "10"]
[EventCountry "GGB"]
[Source "www.saund.co.uk"]
[SourceDate "2005.02.07"]

1. d4 Nf6 2. c4 e6 3. Nc3 Bb4 4. e3 O-O 5. Nge2 d5 6. a3 Be7 7. cxd5 exd5 8.
Nf4 c6 9. Bd3 Re8 10. O-O Nbd7 11. f3 Nf8 12. b4 Ng6 13. Kh1 Nxf4 14. exf4 Bd6
15. Ra2 Nh5 16. g3 g6 17. Re2 Rxe2 18. Qxe2 Ng7 19. Qf2 Qf6 20. Rd1 Bf5 21. Bf1
b5 22. g4 Bd7 23. f5 a5 24. h4 gxf5 25. Bg5 Qg6 26. Bd3 f6 27. Bd2 axb4 28.
axb4 Qf7 29. g5 f4 30. Rg1 f5 31. Bb1 Nh5 32. Kh2 Ng3 33. Kh3 Qh5 34. Ne2 Ne4
35. fxe4 fxe4+ 36. Kh2 e3 0-1

[Event "Tradewise Gibraltar Masters 14th"]
[Site "Gibraltar"]
[Date "2016.01.31"]
[Round "6.86"]
[White "Vea, Odin Blikra"]
[Black "Barrenechea Bahamonde, Gustavo"]
[Result "0-1"]
[WhiteElo "2271"]
[BlackElo "2116"]
[PlyCount "100"]
[EventDate "2016.01.26"]
[EventType "swiss"]
[EventRounds "10"]
[EventCountry "GGB"]
[Source "www.saund.co.uk"]
[SourceDate "2005.02.07"]

1. e4 Nf6 2. e5 Nd5 3. d4 d6 4. Bc4 Nb6 5. Bb3 Bf5 6. Nf3 e6 7. O-O Be7 8. c4
dxe5 9. Nxe5 N8d7 10. g4 Nxe5 11. gxf5 Qxd4 12. fxe6 fxe6 13. Qxd4 Nf3+ 14. Kg2
Nxd4 15. Be3 e5 16. Nc3 O-O-O 17. Nb5 a6 18. Nc3 Bc5 19. Ne4 Nxb3 20. axb3 Bxe3
21. fxe3 Rd3 22. Nc5 Rxe3 23. Rf7 Re2+ 24. Kg3 Rd8 25. Rxg7 Kb8 26. Rxh7 Rdd2
27. Rg1 Nc8 28. Rh8 b6 29. Nxa6+ Kb7 30. Nb4 Rxb2 31. Nd5 Rxb3+ 32. Kg4 Re4+
33. Kf5 Nd6+ 34. Ke6 Rxc4 35. Rgg8 Nb5 36. h4 Nd4+ 37. Kd7 Nc6 38. Rc8 Rd3 39.
Rxc7+ Ka6 40. Ke6 Rc5 41. Rd7 e4 42. Nc7+ Kb7 43. Nd5+ Ka6 44. h5 Kb5 45. h6 e3
46. Ra8 e2 47. Ra1 Nd4+ 48. Kf7 Rd1 49. h7 e1=Q 50. h8=Q Qe6+ 0-1

[Event "Tradewise Gibraltar Masters 14th"]
[Site "Gibraltar"]
[Date "2016.01.31"]
[Round "6.87"]
[White "Omoifo, Osemekhian I"]
[Black "Henderson De La Fuente, Lance"]
[Result "0-1"]
[WhiteElo "2106"]
[BlackElo "2270"]
[PlyCount "100"]
[EventDate "2016.01.26"]
[EventType "swiss"]
[EventRounds "10"]
[EventCountry "GGB"]
[Source "www.saund.co.uk"]
[SourceDate "2005.02.07"]

1. Nf3 d5 2. e3 Bg4 3. h3 Bh5 4. b3 Nf6 5. Bb2 e6 6. c4 Bd6 7. Be2 O-O 8. O-O
Nbd7 9. cxd5 exd5 10. Nc3 c6 11. Nd4 Bxe2 12. Ncxe2 Re8 13. Nf5 Bf8 14. Qc2 Nc5
15. d3 Ne6 16. Neg3 c5 17. Rfd1 Rc8 18. e4 d4 19. Ne2 Nh5 20. Bc1 g6 21. Nfg3
Nxg3 22. fxg3 Bg7 23. Rf1 b5 24. Rb1 c4 25. bxc4 bxc4 26. Ba3 Qa5 27. Bb4 cxd3
28. Qxd3 Qxa2 29. Rbc1 Qa4 30. Bd6 Qd7 31. e5 Bh6 32. Rxc8 Be3+ 33. Kh2 Rxc8
34. Ra1 Qc6 35. Rxa7 Qc2 36. Ra3 Qxd3 37. Rxd3 Rc2 38. Ng1 Rc3 39. Rd1 Rc1 40.
Rxc1 Bxc1 41. Nf3 d3 42. Bb4 Ng5 43. Kg1 Nxf3+ 44. gxf3 d2 45. Bxd2 Bxd2 46.
Kf2 Kf8 47. Ke2 Ba5 48. Kd3 Be1 49. g4 g5 50. Ke4 Bd2 0-1

[Event "Tradewise Gibraltar Masters 14th"]
[Site "Gibraltar"]
[Date "2016.01.31"]
[Round "6.88"]
[White "Gavilan Diaz, Mario"]
[Black "Pakosta, Miroslav"]
[Result "1/2-1/2"]
[WhiteElo "2261"]
[BlackElo "2097"]
[PlyCount "83"]
[EventDate "2016.01.26"]
[EventType "swiss"]
[EventRounds "10"]
[EventCountry "GGB"]
[Source "www.saund.co.uk"]
[SourceDate "2005.02.07"]

1. e4 d6 2. d4 Nf6 3. Nc3 g6 4. Nf3 Bg7 5. Be2 O-O 6. O-O c5 7. dxc5 dxc5 8.
Be3 b6 9. Qc1 Bb7 10. Rd1 Qc8 11. Bh6 Nxe4 12. Nxe4 Bxe4 13. Bxg7 Kxg7 14. Qe3
Bb7 15. Qe5+ f6 16. Qxe7+ Rf7 17. Qd6 Nc6 18. c3 Qb8 19. Bb5 Qxd6 20. Rxd6 Ne7
21. Rd7 Bxf3 22. gxf3 Nf5 23. Rad1 Rxd7 24. Rxd7+ Kh6 25. f4 Ng7 26. Kg2 a6 27.
Bc6 Rb8 28. a4 a5 29. Kf3 Nh5 30. h3 f5 31. Rf7 Rd8 32. Bd7 Ng7 33. Re7 Nh5 34.
Rf7 Ng7 35. b3 Nh5 36. Ke3 Ng7 37. Bb5 Rd6 38. Bc4 Nh5 39. Rb7 Nf6 40. f3 Nh5
41. Re7 Nf6 42. Rb7 1/2-1/2

[Event "Tradewise Gibraltar Masters 14th"]
[Site "Gibraltar"]
[Date "2016.01.31"]
[Round "6.89"]
[White "Weisbuch, Udi"]
[Black "Havik, Victor"]
[Result "1-0"]
[WhiteElo "2254"]
[BlackElo "2092"]
[PlyCount "61"]
[EventDate "2016.01.26"]
[EventType "swiss"]
[EventRounds "10"]
[EventCountry "GGB"]
[Source "www.saund.co.uk"]
[SourceDate "2005.02.07"]

1. e4 e5 2. Nf3 Nc6 3. Bc4 Bc5 4. c3 Nf6 5. d3 O-O 6. Bb3 d5 7. Qe2 Be6 8. O-O
Qe7 9. Nbd2 dxe4 10. dxe4 Rad8 11. Nc4 a6 12. Bg5 h6 13. Bh4 Kh7 14. Bc2 Bxc4
15. Qxc4 g5 16. Bg3 Nh5 17. b4 Bb6 18. Rad1 Ng7 19. Rd5 f6 20. Rfd1 Ne6 21. h3
Na7 22. Bb3 Nc8 23. Nh2 Ng7 24. Nf1 Rxd5 25. Rxd5 Nh5 26. Qe2 Nf4 27. Bxf4 gxf4
28. Qd3 Nd6 29. c4 Rg8 30. c5 Qg7 31. g3 1-0

[Event "Tradewise Gibraltar Masters 14th"]
[Site "Gibraltar"]
[Date "2016.01.31"]
[Round "6.90"]
[White "Compton, Alistair"]
[Black "Hommerson, Paul"]
[Result "0-1"]
[WhiteElo "2094"]
[BlackElo "2240"]
[PlyCount "96"]
[EventDate "2016.01.26"]
[EventType "swiss"]
[EventRounds "10"]
[EventCountry "GGB"]
[Source "www.saund.co.uk"]
[SourceDate "2005.02.07"]

1. e4 c5 2. f4 d5 3. exd5 Qxd5 4. Nc3 Qd8 5. Nf3 Nf6 6. Bb5+ Nbd7 7. d4 e6 8.
O-O cxd4 9. Nxd4 Bc5 10. Kh1 O-O 11. Nb3 Be7 12. Be3 Qc7 13. Bd3 b6 14. Be2 Bb7
15. Bf3 g6 16. Qe2 Rac8 17. Bd4 Rfe8 18. Rad1 a6 19. Qf2 b5 20. a3 Bxf3 21.
Qxf3 Bf8 22. Be5 Qc6 23. Qxc6 Rxc6 24. Na5 Rcc8 25. Nb7 Nxe5 26. fxe5 Ng4 27.
Rde1 Bxa3 28. Ne4 Bxb2 29. Nbd6 Bxe5 30. Nxe8 Rxe8 31. h3 Nh6 32. Nc5 Bc3 33.
Rd1 Nf5 34. Rf3 Be5 35. g4 Nd4 36. Rf2 Rc8 37. Nd7 Bg7 38. g5 b4 39. Nf6+ Bxf6
40. gxf6 e5 41. Re1 Rc5 42. Rd2 h5 43. Re4 Kh7 44. Kg2 g5 45. Kf1 Kg6 46. Rf2
a5 47. Ke1 Nxc2+ 48. Kd1 Nd4 0-1

[Event "Tradewise Gibraltar Masters 14th"]
[Site "Gibraltar"]
[Date "2016.01.31"]
[Round "6.91"]
[White "Heinemann, Josefine"]
[Black "Hagesaether, Arne"]
[Result "1-0"]
[WhiteElo "2233"]
[BlackElo "2086"]
[PlyCount "61"]
[EventDate "2016.01.26"]
[EventType "swiss"]
[EventRounds "10"]
[EventCountry "GGB"]
[Source "www.saund.co.uk"]
[SourceDate "2005.02.07"]

1. e4 c6 2. d4 d5 3. Nd2 dxe4 4. Nxe4 Bf5 5. Ng3 Bg6 6. h4 h6 7. Nf3 Nd7 8. h5
Bh7 9. Bd3 Bxd3 10. Qxd3 e6 11. Bd2 Ngf6 12. O-O-O Bd6 13. Ne4 Bc7 14. Kb1 Qe7
15. c4 O-O-O 16. a3 c5 17. Qe2 Nxe4 18. Qxe4 Nf6 19. Qe2 cxd4 20. Bb4 Bd6 21.
c5 Bf4 22. c6 Qc7 23. g3 d3 24. Rxd3 Rxd3 25. Qxd3 Rd8 26. Qb5 Bd6 27. Rc1 Kb8
28. Nd4 b6 29. Qa6 Bc5 30. Bxc5 bxc5 31. Nb5 1-0

[Event "Tradewise Gibraltar Masters 14th"]
[Site "Gibraltar"]
[Date "2016.01.31"]
[Round "6.92"]
[White "House, Glenn L"]
[Black "Odeh, Kenneth"]
[Result "1-0"]
[WhiteElo "2226"]
[BlackElo "2014"]
[PlyCount "85"]
[EventDate "2016.01.26"]
[EventType "swiss"]
[EventRounds "10"]
[EventCountry "GGB"]
[Source "www.saund.co.uk"]
[SourceDate "2005.02.07"]

1. Nf3 d5 2. g3 Nf6 3. Bg2 c6 4. O-O g6 5. d3 Bg7 6. Nbd2 O-O 7. e4 dxe4 8.
dxe4 Nbd7 9. Qe2 Nb6 10. h3 Bd7 11. e5 Nfd5 12. c4 Nc7 13. b3 Bf5 14. Ne4 f6
15. Bb2 Qc8 16. exf6 Bxf6 17. Nxf6+ exf6 18. g4 Bxg4 19. hxg4 Qxg4 20. Nd4 Qg5
21. Rad1 Rae8 22. Qd2 Qg4 23. Rfe1 Re5 24. Nf3 Rh5 25. Qd6 Nbd5 26. cxd5 Nxd5
27. Qe6+ Qxe6 28. Rxe6 g5 29. Rxd5 cxd5 30. Nd4 g4 31. Rd6 Re8 32. Bxd5+ Kh8
33. Kg2 Re1 34. Nc2 Rxd5 35. Bxf6+ Kg8 36. Rxd5 Re2 37. Rc5 h5 38. Rc7 b5 39.
Nd4 Rxa2 40. Rg7+ Kh8 41. Ne6 h4 42. Rg6+ Kh7 43. Nf8# 1-0

[Event "Tradewise Gibraltar Masters 14th"]
[Site "Gibraltar"]
[Date "2016.01.31"]
[Round "6.93"]
[White "Korning, Peter"]
[Black "Tscharotschkin, Michael"]
[Result "0-1"]
[WhiteElo "2015"]
[BlackElo "2169"]
[PlyCount "110"]
[EventDate "2016.01.26"]
[EventType "swiss"]
[EventRounds "10"]
[EventCountry "GGB"]
[Source "www.saund.co.uk"]
[SourceDate "2005.02.07"]

1. e4 e6 2. d4 d5 3. Nc3 Bb4 4. e5 c5 5. a3 Bxc3+ 6. bxc3 Ne7 7. Qg4 Qc7 8. Bd3
cxd4 9. Ne2 dxc3 10. Qxg7 Rg8 11. Qxh7 Bd7 12. Bf4 Nbc6 13. O-O O-O-O 14. Bg3
Rh8 15. Qg7 Rdg8 16. Qf6 d4 17. Be4 Qa5 18. Rfd1 Qc5 19. Rab1 Nf5 20. Bxf5 exf5
21. e6 fxe6 22. Nxd4 Rf8 23. Nxe6 Qxf2+ 24. Bxf2 Rxf6 25. Nc5 Be8 26. Nxb7 Rhh6
27. Bxa7 Bh5 28. Rd3 Nxa7 29. Rxc3+ Rc6 30. Rcb3 Rxc2 31. Na5 Nc6 32. Nxc6
Rhxc6 33. Rb8+ Kd7 34. R8b7+ Kd6 35. Rh7 Be2 36. Rh6+ Kd5 37. Rxc6 Kxc6 38. Rb8
Kd7 39. Rb7+ Ke6 40. Rb4 Bc4 41. g3 Ke5 42. Rb8 Ke4 43. Re8+ Kf3 44. Re1 Rg2+
45. Kh1 Ra2 46. Rc1 Rxa3 47. Kg1 Bd3 48. Rd1 Rc3 49. Ra1 Rc2 50. Kh1 Kf2 51. h4
Kxg3 52. h5 Be4+ 53. Kg1 Rg2+ 54. Kf1 Bd3+ 55. Ke1 Rg1+ 0-1

[Event "Tradewise Gibraltar Masters 14th"]
[Site "Gibraltar"]
[Date "2016.01.31"]
[Round "6.94"]
[White "Henrichsen, Jens"]
[Black "Ajele, Rotimi"]
[Result "1/2-1/2"]
[WhiteElo "2012"]
[BlackElo "2163"]
[PlyCount "93"]
[EventDate "2016.01.26"]
[EventType "swiss"]
[EventRounds "10"]
[EventCountry "GGB"]
[Source "www.saund.co.uk"]
[SourceDate "2005.02.07"]

1. d4 Nf6 2. c4 g6 3. Nc3 d5 4. Nf3 Bg7 5. Qb3 dxc4 6. Qxc4 O-O 7. e4 a6 8. e5
b5 9. Qb3 Nfd7 10. e6 fxe6 11. Be3 Nb6 12. h4 Nc6 13. O-O-O Nd5 14. h5 Bb7 15.
hxg6 hxg6 16. Bd3 Na5 17. Qc2 Nb4 18. Qe2 Nxd3+ 19. Qxd3 Bxf3 20. gxf3 Rf5 21.
Rdg1 Qe8 22. Qe4 Rb8 23. Qxe6+ Qf7 24. Qxa6 b4 25. Ne4 c6 26. Kb1 Rfb5 27. Rg3
Qe8 28. Rhg1 Ra8 29. Rxg6 Rxa6 30. Rxg7+ Kh8 31. Nc5 Ra8 32. R7g5 Qf7 33. Rh1+
Qh7+ 34. Rxh7+ Kxh7 35. Re5 Ra7 36. Rh5+ Kg8 37. Rg5+ Kf7 38. Rf5+ Ke8 39. Bh6
e6 40. Rf8+ Ke7 41. Rg8 Nb7 42. Rg7+ Ke8 43. Nxe6 Rba5 44. Bg5 Nd6 45. Nc7+ Kf8
46. Ne6+ Ke8 47. Nc7+ 1/2-1/2

[Event "Tradewise Gibraltar Masters 14th"]
[Site "Gibraltar"]
[Date "2016.01.31"]
[Round "6.95"]
[White "Darnell, Anton"]
[Black "Kalthoff, Peter"]
[Result "1-0"]
[WhiteElo "1979"]
[BlackElo "2132"]
[PlyCount "91"]
[EventDate "2016.01.26"]
[EventType "swiss"]
[EventRounds "10"]
[EventCountry "GGB"]
[Source "www.saund.co.uk"]
[SourceDate "2005.02.07"]

1. e4 d5 2. exd5 Nf6 3. d4 Bg4 4. f3 Bf5 5. Bb5+ Nbd7 6. g4 Bg6 7. Nc3 a6 8.
Ba4 b5 9. Bb3 Nb6 10. a4 Nfxd5 11. Nxd5 Nxd5 12. Qe2 e6 13. axb5 Bb4+ 14. Kf1
a5 15. h4 h5 16. c3 Be7 17. g5 O-O 18. Nh3 Bd6 19. Bd2 c5 20. bxc6 Qb6 21. Bxd5
exd5 22. Bf4 Rfe8 23. Qd2 Qxc6 24. Bxd6 Qxd6 25. Nf4 Bf5 26. Kf2 g6 27. Rhe1
Reb8 28. Re5 Qb6 29. Nxd5 Qxb2 30. Nf6+ Kg7 31. Qxb2 Rxb2+ 32. Ke3 Rc8 33. Ra3
Rc2 34. Rexa5 R8xc3+ 35. Rxc3 Rxc3+ 36. Kf4 Rc8 37. Nxh5+ Kf8 38. Nf6 Ke7 39.
h5 Rc1 40. h6 Rd1 41. Ra4 Kd8 42. h7 Rh1 43. Ra8+ Bc8 44. d5 Kc7 45. d6+ Kb7
46. d7 1-0